Normal view
MARC view
- Metal-cutting tools
Entry Topical Term
001 - CONTROL NUMBER
- control field: 35940
003 - CONTROL NUMBER IDENTIFIER
- control field: NUST
005 - DATE AND TIME OF LATEST TRANSACTION
- control field: 20210309154858.0
008 - FIXED-LENGTH DATA ELEMENTS
- fixed length control field: 210309|| aca||aabn | a|a d
040 ## - CATALOGING SOURCE
- Original cataloging agency: NUST
- Transcribing agency: NUST
150 ## - HEADING--TOPICAL TERM
- Topical term or geographic name entry element: Metal-cutting tools
670 ## - SOURCE DATA FOUND
- Source citation: Work cat.: (NUST)31579: Smith, Graham T., 1947- 35939, Cutting tool technology, c2008.
